00270nam a2200109Ia 4500008004100000041000800041082001600049100001000065245003300075260003300108300001900141241015s9999 xx 000 0 und d aeng a658.155 ARO aArora aCredit Risk Analytics With R bWiley IndiaaNew Delhic2023 a440;. P. 23 cm